00391nam a2200169Ia 4500008004000000041000800040082001600048100001800064245004000082260003600122300000700158650000900165650001100174650001000185650001100195650001500206210210b2017 xxu||||| |||| 00| 0 eng d aeng a303.4K DIVS aDIVAKARA (Na) aSamaja badalavane mattu yuva janate aGadagabLadayi Prakashanac2017 a70 ayuva aSamaja amattu ajanate abadalavane